LEADER 01011nam0-22003371i-450- 001 990000520910403321 005 20091110130955.0 010 $a0-13-048513-6 035 $a000052091 035 $aFED01000052091 035 $a(Aleph)000052091FED01 035 $a000052091 100 $a20020821d1993----km-y0itay50------ba 101 0 $aeng 105 $aa-------001yy 200 1 $aArray signal processing$econcepts and techniques$fDon H. Johnson, Dan E. Dudgeon 210 $aEnglewood Cliffs, N. J.$cPrentice Hall$dİ1993 215 $aXIII, 533 p.$cill.$d24 cm 225 1 $aPrentice-Hall signal processing series 610 0 $aElaborazione dei segnali 610 0 $aTecniche digitali 676 $a621.382'2 700 1$aJohnson,$bDon H.$027821 701 1$aDudgeon,$bDan E.$027822 801 0$aIT$bUNINA$gRICA$2UNIMARC 901 $aBK 912 $a990000520910403321 952 $a10 D III 727$bDEE 1506$fDINEL 959 $aDINEL 996 $aArray signal processing$9331408 997 $aUNINA LEADER 00948nam0-2200325---450- 001 990009535790403321 005 20120301101413.0 035 $a000953579 035 $aFED01000953579 035 $a(Aleph)000953579FED01 035 $a000953579 100 $a20120301d1968----km-y0itay50------ba 101 0 $aeng 102 $aUS 105 $a--------001yy 200 1 $aSecurities regulation$dCases and materials$fRichard W.Jannings- Harold Marsh J.R. (a cura di) 210 $aNew York$cThe foundation Press, INC.$d1968 215 $aXXXV, 1261 p.$d25 cm 225 1 $aUniversity casebook series 700 1$aJennings,$bRichard W.$0277344 701 1$aMarsh,$bHarold JR.$0277715 801 0$aIT$bUNINA$gRICA$2UNIMARC 901 $aBK 912 $a990009535790403321 952 $aDPR 21-500$b3018$fDEC 952 $aDPR 21-500/a$b3019$fDEC 959 $aDEC 959 $aDEC 996 $aSecurities regulation$9855199 997 $aUNINA LEADER 01426aam 2200397I 450 001 9910710283103321 005 20160121100808.0 024 8 $aGOVPUB-C13-87c4ca0a81a51e0d0631fcb5fa42b3ca 035 $a(CKB)5470000002476453 035 $a(OCoLC)935499257 035 $a(EXLCZ)995470000002476453 100 $a20160121d1979 ua 0 101 0 $aeng 181 $2rdacontent 182 $2rdamedia 183 $2rdacarrier 200 10$aCollaborative reference program for color and appearance $eASTM 60Z? gloss report no. 28 /$fT. L. Cummings; J. Horlick 210 1$aGaithersburg, MD :$cU.S. Dept. of Commerce, National Institute of Standards and Technology,$d1979. 215 $a1 online resource 225 1 $aNBSIR ;$v79-1810 300 $a1979. 300 $aContributed record: Metadata reviewed, not verified. Some fields updated by batch processes. 300 $aTitle from PDF title page. 320 $aIncludes bibliographical references. 517 $aCollaborative reference program for color and appearance 700 $aCummings$b T. L$01386493 701 $aCummings$b T. L$01386493 701 $aHorlick$b J$01386491 712 02$aUnited States.$bNational Bureau of Standards. 801 0$bNBS 801 1$bNBS 801 2$bGPO 906 $aBOOK 912 $a9910710283103321 996 $aCollaborative reference program for color and appearance$93452872 997 $aUNINA